000
00327 a2200157 4500
001
177705
020
_a
040
_c
Magnum
100
_a
Lopes, Jeam Carlos
240
1
0
_a
O doce de cada um
_l
por
245
1
0
_a
O doce de cada um
362
0
_a
1899
440
1
_a
Paulinas
697
_a
MAGNITO: IJ/ECOLOGIA
942
_c
BK
999
_c
177705
_d
177705